ბათუმის შოთა რუსთაველის სახელმწიფო უნივერსიტეტის ბიბლიოთეკა

გამოყენებითი ეკოლოგიის საფუძვლები : (ბიბ.ჩანაწერი № 50268)

000 -ლიდერი
ფიქსირებული სიგრძის საკონტროლო ველი 01560nam a2200289Ia 4500
001 - საკონტროლო ნომერი
საკონტროლო ველი 17207
003 - საკონტროლო ნომრის იდენტიფიკატორი
საკონტროლო ველი GE_BSU
005 - ბოლო ოპერაციის თარიღი და დრო
საკონტროლო ველი 20200204123747.0
008 - ფიქსირებული სიგრძის მონაცემთა ელემენტები - ზოგადი ინფორმაცია
ფიქსირებული სიგრძის საკონტროლო ველი 181216s2013 xx |||||||||||||| ||geo||
020 ## - წიგნის საერთაშორისო სტანდარტული ნომერი
International Standard Book Number 9789941132933
040 ## - კატალოგიზაციის წყარო
Transcribing agency GE_BSU
041 ## - ენის კოდი
Language code of text/sound track or separate title geo
080 ## - უნივერსალური ათობითი კლასიფიკაციის ინდექსი
Universal Decimal Classification number 574(075.8) უ-62
100 ## - მთავარი ჩანაწერი - პიროვნების სახელი
Personal name ურუშაძე, თენგიზ.
9 (RLIN) 6751
245 ## - ცნობა სათაურის შესახებ
Title გამოყენებითი ეკოლოგიის საფუძვლები :
Remainder of title სახელმძღვ.უმაღლესი სასწავლებლებისათვის /
Statement of responsibility, etc თენგიზ ურუშაძე ; ლია მაჭავარიანი ; რედ : არნოლდ გეგეჭკორი ; ნოდარ ელიზბარაშვილი.
264 ## - წარმოების, გამოცემის, დისტრიბუციის და სხვა ცნობები
გამოცემის, წარმოების, დისტრიბუციის... ადგილი [თბ.]
გამოცემის, წარმოების, დისტრიბუციის... სახელწოდება თბილ. უნ-ტის გამ-ბა,
გამოცემის, წარმოების, დისტრიბუციის... თარიღი 2013.
300 ## - ფიზიკური აღწერა
Extent 262 გვ ;
Dimensions 24 სმ.
300 ## - ფიზიკური აღწერა
Other physical details ბიბლიოგრ.: გვ. 258-260
500 ## - ზოგადი შენიშვნა
General note ტერმინთა ლექსიკონი: 247-257
504 ## - BIBLIOGRAPHY, ETC. NOTE
Bibliography, etc ბიბლიოგრ.: გვ. 258-260
653 ## - INDEX TERM--UNCONTROLLED
Uncontrolled term ეკოლგია
653 ## - INDEX TERM--UNCONTROLLED
Uncontrolled term ეკოლოგიური სამართალი; ბუნების დაცვა
700 ## - ADDED ENTRY--PERSONAL NAME
Personal name მაჭავარიანი, ლია
9 (RLIN) 6752
700 ## - ADDED ENTRY--PERSONAL NAME
Personal name გეგეჭკორი, არნოლდ
Relator term რედაქტორი
9 (RLIN) 6753
700 ## - ADDED ENTRY--PERSONAL NAME
Personal name ელიზბარაშვილი, ნოდარ
Relator term რედაქტორი
9 (RLIN) 6754
942 ## - ADDED ENTRY ELEMENTS (KOHA)
Koha item type წიგნი
Source of classification or shelving scheme
ეგზემპლარები
ჩამოწერის სტატუსი დაკარგული ეგზემპლარის სტატუსი კლასიფიკაციის წყარო ან თაროზე გაწყობის სქემა დაზიანების სტატუსი არ გაიცემა მუდმივი მდებარეობა (დაცვის ადგილი) ამჟამინდელი ადგილსამყოფელი თაროზე განთავსების ადგილი შეძენის თარიღი სრული შენახვის შიფრი შტრიხკოდი ბოლო ოპერაციის თარიღი ეგზემპლარის მიმდევრობითი ნომერი (კეტერი?) ფასის ძალაში შესვლის თარიღი ეგზემპლარის სახეობა
          ბათუმის შოთა რუსთაველის სახელმწიფო უნივერსიტეტის მთავარი ბიბლიოთეკა ბათუმის შოთა რუსთაველის სახელმწიფო უნივერსიტეტის მთავარი ბიბლიოთეკა წიგნსაცავი 2018-12-17 574(075.8) უ-62 45229 2018-12-17 45229 2018-12-17 წიგნი